SALMOND ON JURISPRUDENCE (Record no. 9934)

MARC details
000 -LEADER
fixed length control field 00314nam a22001457a 4500
003 - CONTROL NUMBER IDENTIFIER
control field SGT
082 ## - DEWEY DECIMAL CLASSIFICATION NUMBER
Classification number 340.1,FIT
100 ## - MAIN ENTRY--PERSONAL NAME
Personal name FITZGERALD, P J
245 ## - TITLE STATEMENT
Title SALMOND ON JURISPRUDENCE
250 ## - EDITION STATEMENT
Edition statement 12TH
260 ## - PUBLICATION, DISTRIBUTION, ETC. (IMPRINT)
Place of publication, distribution, etc NEW DELHI
Name of publisher, distributor, etc UNIVERSAL BOOK
Year of Publication 2014
300 ## - PAGE DESCRIPTION
No. of Pages 481
650 ## - SUBJECT ADDED ENTRY--TOPICAL TERM
Topical term or geographic name as entry element JURISPRUDENCE
942 ## - ADDED ENTRY ELEMENTS (KOHA)
Source of classification or shelving scheme Dewey Decimal Classification
Koha item type Books
942 ## - ADDED ENTRY ELEMENTS (KOHA)
-- 1
Holdings
Withdrawn status Lost status Source of classification or shelving scheme Damaged status Not for loan Collection code Home library Current library Shelving location Date acquired Vendor Name Cost, normal purchase price SGTU Bill Number Total Checkouts Full call number Accession No. (Barcode) Date last seen Date last borrowed Bill Date Koha item type
    Dewey Decimal Classification     LAW SGT Science & Social Sciences Library SGT Science & Social Sciences Library Text Book 23/09/2016 JUPITER LAW HOUSE 350.00 SGTU 856 2 340.1,FIT FL511 27/08/2025 14/07/2025 31/10/2044 Books
  Lost and Paid For Dewey Decimal Classification     LAW SGT Science & Social Sciences Library SGT Science & Social Sciences Library Text Book 23/09/2016 JUPITER LAW HOUSE 350.00 SGTU 856   340.1,FIT FL512 23/09/2016   31/10/2044 Books